Analýza marketingového prostredia spoločnosti Holcim a.s. pre sekciu transportbetón diplomová práca

Enregistré dans:
Détails bibliographiques
Auteur principal: Župančič, Branislav
Collectivité auteur: Fakulta podnikového manažmentu EU. Katedra podnikovohospodárska
Autres auteurs: Grančičová, Katarína, 1967-
Format: Livre
Langue:slovaque
Publié: Bratislava 2009
Tags: Ajouter un tag
Pas de tags, Soyez le premier à ajouter un tag!

MARC

LEADER 00000nam$a2200000$$$4500
001 0101607
005 20240319125957.0
041 0 |a slo 
044 |a SK 
245 1 0 |a Analýza marketingového prostredia spoločnosti Holcim a.s. pre sekciu transportbetón  |b diplomová práca  |c Branislav Župančič ; škol. Katarína Grančičová 
264 1 |a Bratislava  |c 2009 
300 |a 93 s. 
100 1 |a Župančič, Branislav 
700 1 |a Grančičová, Katarína, 1967- 
710 2 |a Fakulta podnikového manažmentu EU. Katedra podnikovohospodárska